000 00385nam a2200157 i 4500
001 bg
100 1 _aFERMI, Enrico.
245 0 _aNaucnye trudy.
_nT. 2,
_p1939-1954. SSA /
_cEnriko Fermi.
260 _aMoskva :
_bIzdat. "Nauka",
_c1972.
300 _a712 s. :
_bil.
040 _cBPK
041 _apol
080 _a539.1
942 _cKS
008 s pl f |000 0 pol
999 _c14552
_d14552
856 _uhttp://koha.tu.koszalin.pl/cgi-bin/koha/opac-detail.pl?biblionumber=14552
_yKatalog online BPK